[Event "3MCR_4D_2LB_3S"]
[Site "?"]
[Date "1999.??.??"]
[Round "3"]
[White "Truksa, Vaclav"]
[Black "Michalek, Milos"]
[Result "1-0"]
[WhiteElo "1600"]
[BlackElo "2020"]
[PlyCount "63"]
[EventDate "1999.??.??"]
[EventType "corr"]

1. e4 e5 2. Nf3 Nc6 3. Bb5 a6 4. Ba4 Nf6 5. O-O Be7 6. Re1 b5 7. Bb3 O-O 8. h3
d6 9. c3 Na5 10. Bc2 c5 11. d4 Qc7 12. Nbd2 cxd4 13. cxd4 Bb7 14. Nf1 Rac8 15.
Bd3 d5 16. dxe5 Nxe4 17. Ng3 f5 18. exf6 Bxf6 19. Bxe4 dxe4 20. Nxe4 Bxe4 21.
Rxe4 Qf7 22. Qe2 Nc4 23. a4 bxa4 24. Bg5 Nxb2 25. Bxf6 Qxf6 26. Ne5 a3 27. Nd7
Qd6 28. Nxf8 Rxf8 29. Re6 Qd3 30. Qxd3 Nxd3 31. Rxa3 Nxf2 32. Re7 1-0

[Event "3MCR_4D_2LB_3S"]
[Site "?"]
[Date "1999.??.??"]
[Round "3"]
[White "Miskovsky, Pavel"]
[Black "Travnik, Petr"]
[Result "0-1"]
[WhiteElo "1800"]
[BlackElo "2000"]
[PlyCount "48"]
[EventDate "1999.??.??"]
[EventType "corr"]

1. e4 c5 2. Nf3 d6 3. d4 cxd4 4. Nxd4 Nf6 5. Nc3 a6 6. Be2 e5 7. Nb3 Be7 8. O-O
O-O 9. f4 Nbd7 10. a4 b6 11. f5 Bb7 12. Bf3 b5 13. a5 Rc8 14. Re1 Qc7 15. Re2
Rfe8 16. Qe1 Nc5 17. Nxc5 Qxc5+ 18. Kh1 b4 19. Na2 d5 20. exd5 e4 21. Bxe4 Nxe4
22. Rxe4 Qxd5 23. Re2 Bf8 24. Qf1 Rxe2 0-1

[Event "3MCR_4D_2LB_3S"]
[Site "?"]
[Date "1999.??.??"]
[Round "3"]
[White "Staufcik, Robert"]
[Black "Killar, Marek"]
[Result "1-0"]
[WhiteElo "2000"]
[BlackElo "2115"]
[PlyCount "59"]
[EventDate "1999.??.??"]
[EventType "corr"]

1. e4 e5 2. Nf3 Nc6 3. Bb5 a6 4. Ba4 Nf6 5. O-O Nxe4 6. d4 b5 7. Bb3 d5 8. dxe5
Be6 9. c3 Be7 10. Nbd2 O-O 11. Qe2 Nc5 12. Nd4 Nxb3 13. Nxc6 Nxc1 14. Raxc1 Qd7
15. Nxe7+ Qxe7 16. f4 f5 17. exf6 Qxf6 18. Qe3 Bf5 19. Qd4 Qd6 20. Nb3 Rae8 21.
Rce1 Re4 22. Rxe4 Bxe4 23. g3 h6 24. Nc5 Re8 25. Re1 Qb6 26. Nxe4 Qxd4+ 27.
cxd4 dxe4 28. Kf2 c6 29. Rc1 Re6 30. Ke3 1-0

[Event "3MCR_4D_2LB_3S"]
[Site "?"]
[Date "1999.??.??"]
[Round "3"]
[White "Miskovsky, Pavel"]
[Black "Kozeny, Pavel"]
[Result "1/2-1/2"]
[WhiteElo "1800"]
[BlackElo "1800"]
[PlyCount "38"]
[EventDate "1999.??.??"]
[EventType "corr"]

1. e4 c5 2. Nf3 e6 3. d4 cxd4 4. Nxd4 Nf6 5. Nc3 Nc6 6. Ndb5 Bb4 7. a3 Bxc3+ 8.
Nxc3 d5 9. exd5 exd5 10. Bg5 O-O 11. Be2 Re8 12. O-O d4 13. Na2 Qd6 14. Nc1 Ne4
15. Bh4 Qh6 16. Bg3 Re7 17. Nd3 Nxg3 18. hxg3 Bf5 19. Re1 Rae8 1/2-1/2

[Event "3MCR_4D_2LB_3S"]
[Site "?"]
[Date "1999.??.??"]
[Round "3"]
[White "Staufcik, Robert"]
[Black "Michalek, Milos"]
[Result "1-0"]
[WhiteElo "2000"]
[BlackElo "2020"]
[PlyCount "59"]
[EventDate "1999.??.??"]
[EventType "corr"]

1. e4 e5 2. Nf3 Nc6 3. Bb5 a6 4. Ba4 Nf6 5. O-O Be7 6. Re1 b5 7. Bb3 O-O 8. a4
Bb7 9. d3 d6 10. Nc3 Na5 11. Ba2 b4 12. Ne2 c5 13. Ng3 Bc8 14. c3 Be6 15. Bxe6
fxe6 16. cxb4 cxb4 17. Bd2 Rb8 18. d4 exd4 19. Nxd4 Qd7 20. Rc1 Rfc8 21. Rxc8+
Qxc8 22. e5 dxe5 23. Rxe5 Bc5 24. Nxe6 Bd6 25. Rxa5 Qxe6 26. Rxa6 Qd5 27. Qc1
Rd8 28. Nf1 Ng4 29. Rxd6 Rxd6 30. Qc8+ 1-0

[Event "3MCR_4D_2LB_3S"]
[Site "?"]
[Date "1999.??.??"]
[Round "3"]
[White "Michalek, Milos"]
[Black "Killar, Marek"]
[Result "1/2-1/2"]
[WhiteElo "2020"]
[BlackElo "2115"]
[PlyCount "56"]
[EventDate "1999.??.??"]
[EventType "corr"]

1. e4 c5 2. Nf3 d6 3. d4 cxd4 4. Nxd4 Nf6 5. Nc3 g6 6. Be2 Nc6 7. Nb3 Bg7 8.
O-O O-O 9. Bg5 a6 10. f4 b5 11. Bf3 Bb7 12. Kh1 Nd7 13. e5 dxe5 14. Nd5 f6 15.
Bh4 e6 16. Nb4 Qc7 17. Nd3 exf4 18. Nxf4 Rfe8 19. Bg3 Nce5 20. Nd3 Bxf3 21.
Rxf3 Qb6 22. Nxe5 Nxe5 23. Bxe5 fxe5 24. Qe2 Rad8 25. Raf1 Rf8 26. Rxf8+ Rxf8
27. Rxf8+ Kxf8 28. c3 Ke7 1/2-1/2

[Event "3MCR_4D_2LB_3S"]
[Site "?"]
[Date "1999.??.??"]
[Round "3"]
[White "Truksa, Vaclav"]
[Black "Killar, Marek"]
[Result "0-1"]
[WhiteElo "1600"]
[BlackElo "2115"]
[PlyCount "92"]
[EventDate "1999.??.??"]
[EventType "corr"]

1. e4 c5 2. Nf3 d6 3. d4 cxd4 4. Nxd4 Nf6 5. Nc3 g6 6. Be3 Bg7 7. f3 Nc6 8. Qd2
O-O 9. Bc4 Bd7 10. h4 Rc8 11. Bb3 h5 12. O-O-O Ne5 13. Bg5 Rc5 14. Kb1 b5 15.
g4 a5 16. Bxf6 Bxf6 17. a3 hxg4 18. f4 Nc4 19. Qd3 Qc8 20. Nd5 Rxd5 21. exd5
Bf5 22. Nxf5 Qxf5 23. Bxc4 bxc4 24. Qxf5 gxf5 25. c3 a4 26. h5 Kh7 27. Rd2 Kh6
28. Kc2 Rb8 29. Kc1 Rb6 30. Re2 Rb8 31. Kc2 Rg8 32. Kd1 g3 33. Rg2 Rg4 34. Ke2
Bh4 35. Kf3 Kxh5 36. Re2 g2 37. Rxg2 Rxg2 38. Kxg2 Kg4 39. Rh3 Bf6 40. Rf3 e6
41. dxe6 fxe6 42. Re3 e5 43. fxe5 dxe5 44. Re1 e4 45. Re3 Bg5 46. Rg3+ Kf4 0-1

[Event "3MCR_4D_2LB_3S"]
[Site "?"]
[Date "1999.??.??"]
[Round "3"]
[White "Killar, Marek"]
[Black "Kozeny, Pavel"]
[Result "1/2-1/2"]
[WhiteElo "2115"]
[BlackElo "1800"]
[PlyCount "51"]
[EventDate "1999.??.??"]
[EventType "corr"]

1. e4 c5 2. Nf3 e6 3. d4 cxd4 4. Nxd4 Nf6 5. Nc3 Nc6 6. Be3 Bb4 7. Bd3 d5 8.
Nxc6 bxc6 9. e5 Nd7 10. Qg4 Bf8 11. f4 Rb8 12. Nd1 Ba6 13. O-O Bxd3 14. cxd3 c5
15. b3 g6 16. Nf2 Qa5 17. Qe2 Bg7 18. d4 cxd4 19. Bxd4 O-O 20. Qe3 a6 21. Nd3
Rfc8 22. Rf2 Rc6 23. Rc1 Rbc8 24. Rxc6 Rxc6 25. h3 Qc7 26. Kh2 1/2-1/2

[Event "3MCR_4D_2LB_3S"]
[Site "?"]
[Date "1999.??.??"]
[Round "3"]
[White "Bultman, Milan"]
[Black "Kozeny, Pavel"]
[Result "1/2-1/2"]
[WhiteElo "2065"]
[BlackElo "1800"]
[PlyCount "41"]
[EventDate "1999.??.??"]
[EventType "corr"]

1. d4 f5 2. Bg5 c6 3. Nc3 d5 4. e3 Nf6 5. Bd3 Ne4 6. Bxe4 fxe4 7. Nge2 g6 8.
O-O Bg7 9. Na4 O-O 10. c4 h6 11. Bh4 b6 12. Rc1 Qd7 13. Bg3 Ba6 14. cxd5 cxd5
15. Re1 Nc6 16. Nf4 g5 17. Nh5 Bh8 18. Nc3 Nb4 19. Qb3 Nd3 20. Nxd5 e6 21. Nc7
1/2-1/2

[Event "3MCR_4D_2LB_3S"]
[Site "?"]
[Date "1999.??.??"]
[Round "3"]
[White "Pospisil, Ludvik"]
[Black "Musil, Vitezslav"]
[Result "1-0"]
[WhiteElo "2235"]
[BlackElo "2060"]
[PlyCount "69"]
[EventDate "1999.??.??"]
[EventType "corr"]

1. e4 e5 2. f4 exf4 3. Nf3 d6 4. d4 g5 5. h4 g4 6. Ng1 Bh6 7. Nc3 c6 8. Nge2
Qf6 9. g3 f3 10. Nf4 Nd7 11. Bc4 Nb6 12. Bb3 Bd7 13. Kf2 O-O-O 14. a4 Bg7 15.
Be3 h5 16. Re1 Ne7 17. a5 Na8 18. e5 dxe5 19. dxe5 Qf5 20. Qd4 Qxe5 21. Qxa7
Qb8 22. Qxb8+ Kxb8 23. Nxh5 Rxh5 24. Bf4+ Kc8 25. Rxe7 Re8 26. Rxe8+ Bxe8 27.
Ne4 Bd4+ 28. Kf1 Bxb2 29. Nd6+ Kd7 30. a6 bxa6 31. Rxa6 Nc7 32. Ra7 Bd4 33. Rb7
f6 34. Nxe8 Kxe8 35. Bxc7 1-0

[Event "3MCR_4D_2LB_3S"]
[Site "?"]
[Date "1999.??.??"]
[Round "3"]
[White "Travnik, Petr"]
[Black "Pospisil, Ludvik"]
[Result "1/2-1/2"]
[WhiteElo "2000"]
[BlackElo "2235"]
[PlyCount "80"]
[EventDate "1999.??.??"]
[EventType "corr"]

1. d4 d5 2. c4 e6 3. Nc3 c6 4. Nf3 dxc4 5. a4 Bb4 6. e3 b5 7. Bd2 Bb7 8. b3
cxb3 9. Qxb3 Be7 10. axb5 c5 11. Be2 Nf6 12. O-O O-O 13. Bc1 Nbd7 14. Rd1 Qc7
15. Ba3 Rfc8 16. Rac1 Qa5 17. Nd2 Bf8 18. Nc4 Qc7 19. Na4 Bd5 20. Qb2 Qb8 21.
dxc5 Nxc5 22. Nxc5 Bxc5 23. Bxc5 Rxc5 24. Na5 Rc7 25. Qe5 Rxc1 26. Qxb8+ Rxb8
27. Rxc1 Kf8 28. f3 Ne8 29. e4 Ba8 30. e5 Bd5 31. Kf2 Ke7 32. Bd3 h6 33. Ke3
Kd7 34. g4 Rc8 35. Ra1 Nc7 36. Nc6 Nxb5 37. Bxb5 Bxc6 38. Rxa7+ Rc7 39. Bxc6+
Kxc6 40. Rxc7+ Kxc7 1/2-1/2

[Event "3MCR_4D_2LB_3S"]
[Site "?"]
[Date "1999.??.??"]
[Round "3"]
[White "Bem, Jiri"]
[Black "Pospisil, Ludvik"]
[Result "0-1"]
[WhiteElo "2000"]
[BlackElo "2235"]
[PlyCount "46"]
[EventDate "1999.??.??"]
[EventType "corr"]

1. e4 e5 2. Nf3 Nc6 3. d4 exd4 4. Nxd4 Nf6 5. Bc4 Nxe4 6. Bxf7+ Kxf7 7. Qh5+ g6
8. Qd5+ Kg7 9. Nxc6 Qe8 10. Qe5+ Qxe5 11. Nxe5 d5 12. O-O Bd6 13. Nd3 Bf5 14.
Nd2 Nf6 15. Nf3 Rhe8 16. Be3 c5 17. Nh4 Bxd3 18. cxd3 Ng4 19. Rfe1 Bxh2+ 20.
Kf1 Nxe3+ 21. Rxe3 Rxe3 22. fxe3 Bg3 23. Nf3 Re8 0-1

[Event "3MCR_4D_2LB_3S"]
[Site "?"]
[Date "1999.??.??"]
[Round "3"]
[White "Travnik, Petr"]
[Black "Bultman, Milan"]
[Result "1-0"]
[WhiteElo "2000"]
[BlackElo "2065"]
[PlyCount "71"]
[EventDate "1999.??.??"]
[EventType "corr"]

1. d4 Nf6 2. c4 g6 3. Nc3 Bg7 4. e4 d6 5. f3 O-O 6. Be3 e5 7. Nge2 exd4 8. Nxd4
Re8 9. Qd2 Nc6 10. Be2 Nxd4 11. Bxd4 b6 12. O-O-O Bb7 13. g4 Qe7 14. h4 Rad8
15. h5 c5 16. Bf2 d5 17. cxd5 Nxd5 18. exd5 Bxc3 19. Qxc3 Qxe2 20. Rhe1 Qb5 21.
h6 f6 22. Qxf6 Qd7 23. Bh4 Rxe1 24. Rxe1 Rf8 25. Re7 Rxf6 26. Rxd7 Rf7 27. Be7
Rxe7 28. Rxe7 Bxd5 29. Re8+ Kf7 30. Rh8 g5 31. Rxh7+ Kg8 32. Rg7+ Kh8 33. Rxg5
Bxf3 34. Rg7 a5 35. g5 Be4 36. Kd2 1-0

[Event "3MCR_4D_2LB_3S"]
[Site "?"]
[Date "1999.??.??"]
[Round "3"]
[White "Musil, Vitezslav"]
[Black "Liska, Jiri"]
[Result "0-1"]
[WhiteElo "2060"]
[BlackElo "2230"]
[PlyCount "46"]
[EventDate "1999.??.??"]
[EventType "corr"]

1. e4 Nf6 2. e5 Nd5 3. d4 d6 4. Nf3 Bg4 5. Be2 e6 6. h3 Bh5 7. c4 Nb6 8. exd6
cxd6 9. Qb3 Nc6 10. Be3 Rc8 11. Nbd2 Be7 12. O-O O-O 13. a4 Bxf3 14. Bxf3 Na5
15. Qb5 Naxc4 16. Bxb7 Nxe3 17. fxe3 Rb8 18. Qa6 Bg5 19. Rfe1 Qe7 20. Bf3 Nd5
21. Nc4 Nb4 22. Qxd6 Qxd6 23. Nxd6 Nc2 0-1

[Event "3MCR_4D_2LB_3S"]
[Site "?"]
[Date "1999.??.??"]
[Round "3"]
[White "Liska, Jiri"]
[Black "Truksa, Vaclav"]
[Result "1-0"]
[WhiteElo "2230"]
[BlackElo "1600"]
[PlyCount "61"]
[EventDate "1999.??.??"]
[EventType "corr"]

1. c4 e6 2. Nc3 d5 3. d4 Nf6 4. Nf3 c6 5. Bg5 dxc4 6. a4 Bb4 7. e3 Nbd7 8. Bxf6
Nxf6 9. Bxc4 Bxc3+ 10. bxc3 Qa5 11. Qc2 b6 12. O-O Bb7 13. e4 Qh5 14. a5 O-O
15. a6 Bc8 16. Be2 c5 17. Ne5 Qh6 18. Rfd1 cxd4 19. Rxd4 Qg5 20. Nf3 Qh5 21. e5
Nd5 22. Rh4 Qg6 23. Bd3 f5 24. exf6 Qxf6 25. Bxh7+ Kf7 26. Rd4 Rd8 27. Re1 Bxa6
28. Ne5+ Kf8 29. Qa4 Bb7 30. Qa3+ Ne7 31. Rf4 1-0

[Event "3MCR_4D_2LB_3S"]
[Site "?"]
[Date "1999.??.??"]
[Round "3"]
[White "Killar, Marek"]
[Black "Bultman, Milan"]
[Result "1/2-1/2"]
[WhiteElo "2115"]
[BlackElo "2065"]
[PlyCount "60"]
[EventDate "1999.??.??"]
[EventType "corr"]

1. e4 c5 2. Nf3 d6 3. d4 cxd4 4. Nxd4 Nf6 5. Nc3 Nc6 6. Bg5 e6 7. Qd2 Be7 8.
O-O-O O-O 9. Nb3 h6 10. Bxf6 Bxf6 11. Qxd6 Bxc3 12. bxc3 Qh4 13. f3 Rd8 14. Qg3
Rxd1+ 15. Kxd1 Qxg3 16. hxg3 b6 17. f4 Kf8 18. c4 e5 19. c3 Ke7 20. Kc2 Bb7 21.
Bd3 Nb8 22. c5 Nd7 23. cxb6 axb6 24. Kb2 Rd8 25. Bc2 Nf6 26. Re1 exf4 27. gxf4
Nh5 28. f5 Nf4 29. Rg1 Nd3+ 30. Bxd3 Rxd3 1/2-1/2

[Event "3MCR_4D_2LB_3S"]
[Site "?"]
[Date "1999.??.??"]
[Round "3"]
[White "Musil, Vitezslav"]
[Black "Bultman, Milan"]
[Result "0-1"]
[WhiteElo "2060"]
[BlackElo "2065"]
[PlyCount "50"]
[EventDate "1999.??.??"]
[EventType "corr"]

1. e4 c5 2. Nf3 d6 3. d4 cxd4 4. Nxd4 Nf6 5. Nc3 Nc6 6. Bc4 e6 7. Bb3 Be7 8.
O-O O-O 9. Be3 a6 10. f4 Nxd4 11. Qxd4 Ng4 12. Rae1 b5 13. Qd1 Nxe3 14. Rxe3
Qb6 15. Qe1 Bb7 16. Kh1 a5 17. a3 b4 18. Na4 Qb5 19. Rff3 Bf6 20. Qf1 Bc6 21.
Qxb5 Bxb5 22. e5 dxe5 23. fxe5 Be7 24. Nb6 Rab8 25. Nc4 a4 0-1

[Event "3MCR_4D_2LB_3S"]
[Site "?"]
[Date "1999.??.??"]
[Round "3"]
[White "Staufcik, Robert"]
[Black "Miskovsky, Pavel"]
[Result "1-0"]
[WhiteElo "2000"]
[BlackElo "1800"]
[PlyCount "53"]
[EventDate "1999.??.??"]
[EventType "corr"]

1. e4 c5 2. Nf3 e6 3. d4 cxd4 4. Nxd4 Nf6 5. Nc3 d6 6. g4 h6 7. h3 Nc6 8. Be3
d5 9. Bb5 Bd7 10. exd5 exd5 11. Qe2 Bb4 12. Nxc6 Bxc6 13. Bd4+ Kd7 14. O-O-O
Bxc3 15. Bxc3 Re8 16. Qd3 Kc8 17. Rhe1 Re6 18. Bxc6 bxc6 19. Qa6+ Kd7 20. Qb7+
Kd6 21. Qxf7 Rxe1 22. Rxe1 Ne4 23. Bxg7 Qg8 24. Qf4+ Kd7 25. Qf5+ Kc7 26. Bxh6
Re8 27. Bf4+ 1-0

[Event "3MCR_4D_2LB_3S"]
[Site "?"]
[Date "1999.??.??"]
[Round "3"]
[White "Truksa, Vaclav"]
[Black "Miskovsky, Pavel"]
[Result "1/2-1/2"]
[WhiteElo "1600"]
[BlackElo "1800"]
[PlyCount "53"]
[EventDate "1999.??.??"]
[EventType "corr"]

1. e4 c5 2. Nf3 d6 3. d4 cxd4 4. Nxd4 Nf6 5. Nc3 e6 6. Be2 Be7 7. O-O O-O 8. f4
Nc6 9. Kh1 Qc7 10. Be3 a6 11. Qe1 Nxd4 12. Bxd4 b5 13. Qg3 Bb7 14. a3 g6 15.
Bd3 Nh5 16. Qf2 f5 17. exf5 exf5 18. Ne2 Bf6 19. Rad1 Bxd4 20. Nxd4 Rfe8 21.
Be2 Nf6 22. Bf3 Ne4 23. Bxe4 Bxe4 24. c3 Rac8 25. Qd2 Re7 26. Nf3 d5 27. Nd4
1/2-1/2

[Event "3MCR_4D_2LB_3S"]
[Site "?"]
[Date "1999.??.??"]
[Round "3"]
[White "Miskovsky, Pavel"]
[Black "Pilar, Richard"]
[Result "1-0"]
[WhiteElo "1800"]
[BlackElo "1600"]
[PlyCount "41"]
[EventDate "1999.??.??"]
[EventType "corr"]

1. e4 e5 2. Nf3 Nc6 3. Bb5 Bc5 4. O-O Nf6 5. Nxe5 O-O 6. Nd3 Bb6 7. e5 Ne4 8.
Bxc6 dxc6 9. Nc3 Bf5 10. Qf3 Nxc3 11. dxc3 Be6 12. Qg3 f6 13. Be3 fxe5 14. Rad1
e4 15. Nc5 Qe7 16. b4 a5 17. a3 Bc4 18. Rfe1 axb4 19. axb4 Ra2 20. Rd7 Qf6 21.
Bd4 1-0

[Event "3MCR_4D_2LB_3S"]
[Site "?"]
[Date "1999.??.??"]
[Round "3"]
[White "Kyzlink, Vladimir"]
[Black "Miskovsky, Pavel"]
[Result "1-0"]
[WhiteElo "2135"]
[BlackElo "1800"]
[PlyCount "49"]
[EventDate "1999.??.??"]
[EventType "corr"]

1. c4 Nf6 2. Nc3 e6 3. d4 d5 4. Nf3 c5 5. cxd5 Nxd5 6. e3 Nc6 7. Bd3 Be7 8. O-O
cxd4 9. exd4 Ncb4 10. Bb5+ Bd7 11. Bxd7+ Qxd7 12. Ne5 Qd6 13. Ne4 Qc7 14. Bg5
Bxg5 15. Nxg5 O-O 16. a3 h6 17. Ngxf7 Rxf7 18. Nxf7 Qxf7 19. axb4 Nxb4 20. Re1
a6 21. Qe2 Re8 22. Rac1 Nd5 23. Qe5 Qg6 24. Rc5 Nb4 25. Rc7 1-0

[Event "3MCR_4D_2LB_3S"]
[Site "?"]
[Date "1999.??.??"]
[Round "3"]
[White "Bem, Jiri"]
[Black "Liska, Jiri"]
[Result "0-1"]
[WhiteElo "2000"]
[BlackElo "2230"]
[PlyCount "50"]
[EventDate "1999.??.??"]
[EventType "corr"]

1. e4 Nf6 2. e5 Nd5 3. d4 d6 4. Nf3 Bg4 5. Be2 e6 6. O-O Be7 7. c4 Nb6 8. b3
dxe5 9. dxe5 Nc6 10. Bb2 O-O 11. Nbd2 Nd7 12. a3 a5 13. Re1 Nc5 14. Qc2 Bf5 15.
Qc1 Bd3 16. Bc3 Qd7 17. b4 axb4 18. axb4 Bxe2 19. bxc5 Bxf3 20. Nxf3 Bxc5 21.
Rd1 Qe7 22. h3 Bb6 23. Qf4 Qc5 24. Ng5 Rxa1 25. Bxa1 Na5 0-1

[Event "3MCR_4D_2LB_3S"]
[Site "?"]
[Date "1999.??.??"]
[Round "3"]
[White "Pilar, Richard"]
[Black "Staufcik, Robert"]
[Result "0-1"]
[WhiteElo "1600"]
[BlackElo "2000"]
[PlyCount "74"]
[EventDate "1999.??.??"]
[EventType "corr"]

1. e4 e5 2. Nf3 Nc6 3. Bb5 f5 4. d3 fxe4 5. dxe4 Nf6 6. Nbd2 Bc5 7. Nb3 Bb6 8.
Bg5 Bxf2+ 9. Ke2 Bb6 10. Qd3 h6 11. Bh4 g5 12. Bg3 d6 13. Rad1 Bd7 14. Rd2 Qe7
15. Kd1 a6 16. Bc4 O-O-O 17. Kc1 Qh7 18. Re1 Nb4 19. Qe2 Nxa2+ 20. Kb1 Nb4 21.
Rdd1 Rdf8 22. Bd3 Nxd3 23. cxd3 Ba4 24. Qc2 Qf7 25. Nfd2 Ba5 26. Ka2 Bxb3+ 27.
Qxb3 Qxb3+ 28. Kxb3 Nh5 29. Re3 Bxd2 30. Rxd2 Nxg3 31. Rxg3 Rf6 32. Re3 Rhf8
33. d4 exd4 34. Rxd4 Rf2 35. Rg3 R8f4 36. Rc4 Re2 37. Rgc3 c5 0-1

[Event "3MCR_4D_2LB_3S"]
[Site "?"]
[Date "1999.??.??"]
[Round "3"]
[White "Truksa, Vaclav"]
[Black "Bem, Jiri"]
[Result "1-0"]
[WhiteElo "1600"]
[BlackElo "2000"]
[PlyCount "53"]
[EventDate "1999.??.??"]
[EventType "corr"]

1. e4 e5 2. Nf3 Nc6 3. Bb5 a6 4. Ba4 b5 5. Bb3 f6 6. d4 Bb7 7. c3 Nge7 8. Be3
Ng6 9. Nbd2 a5 10. a3 Bd6 11. O-O Qe7 12. Qc2 a4 13. Ba2 Nd8 14. dxe5 Nxe5 15.
Nd4 Ba6 16. Nf5 Qf8 17. h3 Ndf7 18. f4 Nc6 19. e5 Be7 20. exf6 gxf6 21. Rfe1
O-O-O 22. c4 Bc5 23. Ne4 Bxe3+ 24. Rxe3 Nh6 25. Nxh6 Qxh6 26. Nc5 Qxf4 27. Re4
1-0

[Event "3MCR_4D_2LB_3S"]
[Site "?"]
[Date "1999.??.??"]
[Round "3"]
[White "Pospisil, Ludvik"]
[Black "Michalek, Milos"]
[Result "1-0"]
[WhiteElo "2235"]
[BlackElo "2020"]
[PlyCount "59"]
[EventDate "1999.??.??"]
[EventType "corr"]

1. e4 e5 2. f4 exf4 3. Nf3 d5 4. exd5 Nf6 5. Bb5+ c6 6. dxc6 Nxc6 7. d4 Bd6 8.
Qe2+ Be6 9. Ng5 O-O 10. Nxe6 fxe6 11. Qxe6+ Kh8 12. Bxc6 bxc6 13. O-O Qc7 14.
Nd2 Rae8 15. Qc4 g5 16. Nf3 Ne4 17. h3 h5 18. Re1 g4 19. Ne5 Bxe5 20. Rxe4 Bg7
21. Bxf4 Qd7 22. Be5 Bxe5 23. dxe5 gxh3 24. Rh4 Rf5 25. Rxh3 Rexe5 26. Rf1
Rxf1+ 27. Qxf1 Qe7 28. Qf3 h4 29. Qc3 Kg8 30. Qc4+ 1-0

[Event "3MCR_4D_2LB_3S"]
[Site "?"]
[Date "1999.??.??"]
[Round "3"]
[White "Pilar, Richard"]
[Black "Bultman, Milan"]
[Result "0-1"]
[WhiteElo "1600"]
[BlackElo "2065"]
[PlyCount "62"]
[EventDate "1999.??.??"]
[EventType "corr"]

1. e4 c5 2. Nf3 d6 3. d4 cxd4 4. Nxd4 Nf6 5. Nc3 Nc6 6. Bb5 Bd7 7. Nxc6 bxc6 8.
Bc4 g6 9. O-O Bg7 10. Re1 O-O 11. Bf4 e5 12. Bg5 Qe7 13. Qd3 Rfd8 14. Qf3 Rab8
15. b3 h6 16. Bh4 Bc8 17. Rad1 g5 18. Qg3 gxh4 19. Qxh4 Bb7 20. Re3 d5 21. exd5
cxd5 22. Bd3 e4 23. Ree1 Qc5 24. Na4 Qc6 25. Be2 Qxc2 26. Qf4 Qxa2 27. Nc5 Qa5
28. Rc1 Ba8 29. Bg4 d4 30. Bf5 d3 31. Red1 Nd5 0-1

[Event "3MCR_4D_2LB_3S"]
[Site "?"]
[Date "1999.??.??"]
[Round "3"]
[White "Miskovsky, Pavel"]
[Black "Kozak, Martin"]
[Result "1-0"]
[WhiteElo "1800"]
[BlackElo "1765"]
[PlyCount "49"]
[EventDate "1999.??.??"]
[EventType "corr"]

1. e4 e6 2. d4 d5 3. Nd2 Nf6 4. e5 Nfd7 5. c3 c5 6. Bd3 b6 7. Ndf3 Ba6 8. Ne2
Bxd3 9. Qxd3 Be7 10. O-O O-O 11. Nf4 Nc6 12. Bd2 Rc8 13. Rac1 f5 14. Nxe6 Qe8
15. Nxf8 Qxf8 16. dxc5 Qf7 17. c4 Ncxe5 18. Nxe5 Nxe5 19. Qxd5 Qxd5 20. cxd5
Bxc5 21. b4 Bxf2+ 22. Rxf2 Rxc1+ 23. Bxc1 Nd3 24. d6 Kf8 25. Rxf5+ 1-0

[Event "3MCR_4D_2LB_3S"]
[Site "?"]
[Date "1999.??.??"]
[Round "3"]
[White "Pospisil, Ludvik"]
[Black "Kyzlink, Vladimir"]
[Result "1-0"]
[WhiteElo "2235"]
[BlackElo "2135"]
[PlyCount "95"]
[EventDate "1999.??.??"]
[EventType "corr"]

1. e4 e5 2. f4 exf4 3. Nf3 g5 4. h4 g4 5. Ne5 d6 6. Nxg4 Nf6 7. Nxf6+ Qxf6 8.
Nc3 c6 9. Qf3 Rg8 10. Qf2 Bg4 11. d3 Bh6 12. Be2 Nd7 13. g3 f3 14. Bxh6 fxe2
15. Qxf6 Nxf6 16. Bg5 Nh5 17. Rg1 f5 18. exf5 d5 19. Nxe2 Kd7 20. Kd2 Rae8 21.
Nd4 Re5 22. f6 Rf8 23. b4 Rf7 24. Raf1 Re8 25. Nf5 Bxf5 26. Rxf5 Ng7 27. Rf2
Re6 28. Rgf1 Ne8 29. g4 b6 30. h5 c5 31. bxc5 bxc5 32. Bh4 h6 33. g5 hxg5 34.
Bxg5 Re5 35. Rg2 Ke6 36. h6 d4 37. Bh4 Rh5 38. Re1+ Kd5 39. Bg5 Nd6 40. Re7
Rxe7 41. fxe7 Ke6 42. Ke2 Kd7 43. Kf3 Nf7 44. e8=Q+ Kxe8 45. Re2+ Kf8 46. Be7+
Kg8 47. Rg2+ Kh8 48. Kf4 1-0

[Event "3MCR_4D_2LB_3S"]
[Site "?"]
[Date "1999.??.??"]
[Round "3"]
[White "Kozeny, Pavel"]
[Black "Pospisil, Ludvik"]
[Result "0-1"]
[WhiteElo "1800"]
[BlackElo "2235"]
[PlyCount "52"]
[EventDate "1999.??.??"]
[EventType "corr"]

1. c4 e6 2. Nc3 d5 3. d4 c6 4. e3 Nf6 5. Nf3 Nbd7 6. Bd3 dxc4 7. Bxc4 b5 8. Bd3
Bb7 9. O-O a6 10. e4 c5 11. d5 c4 12. Bc2 Qc7 13. Qe2 Bd6 14. dxe6 fxe6 15. Nd4
Bxh2+ 16. Kh1 Qd6 17. Rd1 Be5 18. Nf5 Qc7 19. Nxg7+ Kf7 20. Nh5 Rag8 21. Qf3
Ke7 22. Ne2 Rg4 23. Nef4 Rhg8 24. g3 Qc6 25. Re1 Nxh5 26. Nxh5 Nc5 0-1

[Event "3MCR_4D_2LB_3S"]
[Site "?"]
[Date "1999.??.??"]
[Round "3"]
[White "Liska, Jiri"]
[Black "Kyzlink, Vladimir"]
[Result "1-0"]
[WhiteElo "2230"]
[BlackElo "2135"]
[PlyCount "65"]
[EventDate "1999.??.??"]
[EventType "corr"]

1. c4 Nf6 2. Nc3 g6 3. Nf3 d5 4. cxd5 Nxd5 5. e4 Nxc3 6. dxc3 Qxd1+ 7. Kxd1 Nd7
8. Bc4 Nc5 9. Ng5 e6 10. b4 Nd7 11. Be3 Be7 12. Bd4 Nf6 13. f4 Bd7 14. Kc2 h6
15. Nf3 Bc6 16. Rhe1 Rd8 17. b5 Bd7 18. Ne5 Rg8 19. g3 Ra8 20. Rad1 c5 21. bxc6
Bxc6 22. Nxc6 bxc6 23. f5 e5 24. Bxe5 Ng4 25. Bf4 g5 26. Bd6 Bxd6 27. Rxd6 Ne5
28. Bb3 h5 29. f6 h4 30. Ba4 hxg3 31. hxg3 Rh8 32. Rd5 Nd7 33. Bxc6 1-0

[Event "3MCR_4D_2LB_3S"]
[Site "?"]
[Date "1999.??.??"]
[Round "3"]
[White "Kozeny, Pavel"]
[Black "Staufcik, Robert"]
[Result "0-1"]
[WhiteElo "1800"]
[BlackElo "2000"]
[PlyCount "57"]
[EventDate "1999.??.??"]
[EventType "corr"]

1. c4 e5 2. Nc3 Nc6 3. Nf3 f5 4. d4 e4 5. Ng1 Bb4 6. e3 Bxc3+ 7. bxc3 d6 8. Ba3
Nf6 9. c5 d5 10. Nh3 O-O 11. c4 Kh8 12. Rb1 Rb8 13. Nf4 g5 14. cxd5 Nxd5 15.
Nxd5 Qxd5 16. Bb2 Be6 17. Qb3 Kg8 18. Qxd5 Bxd5 19. a4 b6 20. Ba3 bxc5 21. Rc1
Na5 22. Bxc5 Nb3 23. Rc3 Nxc5 24. Rxc5 c6 25. Be2 Rb2 26. Bd1 Rfb8 27. h4 f4
28. Rc2 R2b3 29. Re2 0-1

[Event "3MCR_4D_2LB_3S"]
[Site "?"]
[Date "1999.??.??"]
[Round "3"]
[White "Kozak, Martin"]
[Black "Staufcik, Robert"]
[Result "0-1"]
[WhiteElo "1765"]
[BlackElo "2000"]
[PlyCount "62"]
[EventDate "1999.??.??"]
[EventType "corr"]

1. d4 d5 2. c4 dxc4 3. e4 c5 4. Nf3 Nf6 5. Nc3 e6 6. e5 cxd4 7. Qxd4 Qxd4 8.
Nxd4 Nfd7 9. f4 Nb6 10. Be3 Na6 11. a3 Bd7 12. Ndb5 Nd5 13. Nxd5 exd5 14. Nc3
Bc6 15. Rd1 O-O-O 16. Bxa7 Bc5 17. Bxc5 Nxc5 18. Be2 d4 19. Bg4+ Kb8 20. Nb1
Bxg2 21. Rg1 Bc6 22. Kf2 Ba4 23. Rdf1 Nd3+ 24. Kg3 Nxb2 25. Be2 c3 26. Rc1 d3
27. Nxc3 dxe2 28. Nxe2 Rd2 29. Kf3 g6 30. Rc3 Bc6+ 31. Kg3 Rxe2 0-1

[Event "3MCR_4D_2LB_3S"]
[Site "?"]
[Date "1999.??.??"]
[Round "3"]
[White "Staufcik, Robert"]
[Black "Kyzlink, Vladimir"]
[Result "1-0"]
[WhiteElo "2000"]
[BlackElo "2135"]
[PlyCount "81"]
[EventDate "1999.??.??"]
[EventType "corr"]

1. e4 e5 2. Nf3 Nc6 3. Bb5 a6 4. Ba4 Nf6 5. O-O b5 6. Bb3 Bc5 7. a4 Bb7 8. d3
O-O 9. Nc3 b4 10. Nd5 Nxd5 11. Bxd5 d6 12. a5 Qd7 13. c3 Rab8 14. d4 Ba7 15.
Qa4 exd4 16. cxd4 Ba8 17. Be3 Rb5 18. Bxc6 Qxc6 19. d5 Qb7 20. Bxa7 Qxa7 21.
Rad1 Rfb8 22. Nd4 Rc5 23. Qd7 Rf8 24. Nb3 Rc2 25. Rc1 Rxb2 26. Rxc7 Qb8 27. Nd4
Qe8 28. Qxe8 Rxe8 29. Nf5 b3 30. f3 Ra2 31. Rb1 b2 32. Rc2 Rb8 33. Kf2 Kf8 34.
Nxd6 Ke7 35. Nc8+ Kd8 36. Nb6 Rxa5 37. Rcxb2 Ke7 38. d6+ Ke8 39. Rc1 Rd8 40.
Rc8 Rxc8 41. d7+ 1-0